| 000 | 00428nam a22001577a 4500 | ||
|---|---|---|---|
| 008 | 230426b |||||||| |||| 00| 0 eng d | ||
| 040 |
_aNational Science Library _cNational Science Library |
||
| 080 |
_a530.145 _bN5 |
||
| 100 |
_aSingh, Jagjit _91108 |
||
| 245 | _aSpace time waltz | ||
| 260 |
_aNew Delhi: _bWiley Eastern Ltd., _c1995 |
||
| 300 | _a156p. | ||
| 650 | _aUniverse | ||
| 653 | _aCosmoses | ||
| 942 |
_2udc _cBK |
||
| 999 |
_c23882 _d23882 |
||